000 01301nam a2200301 i 4500
003 EG-ScBUE
005 20240714124047.0
008 100621s2003 ts f 001 0 ara d
020 _a9953441421
040 _aEG-ScBUE
_bara
_erda
_cEG-ScBUE
_dEG-ScBUE
082 0 4 _222
_a907.202
_bط ن ج
100 1 _914921
_aالطنجي، محمد بن تاويت،
_d1918-1974‏،
_eمؤلف.
245 1 0 _aرحلة ابن خلدون، 1352-1401 /
_cعارضها بأصولها وعلق حواشيها محمد بن تاويت الطنجي ؛ حررها وقدم لها نوري الجراح.
250 _aالطبعة الأولى.
264 1 _aأبو ظبي :
_bدار السويدي للنشر والتوزيع،
_c2003.
300 _a557 صفحة ؛
_c24 سم.
336 _2rdacontent
_aنص
_btxt
337 _aبدون وسيط
_2rdamedia
_bn
338 _aمجلد
_bnc
_2rdacarrier
490 0 _aارتياد الآفاق
500 _aيشتمل على كشاف.
600 1 7 _2BUEsh
_a‪ابن خلدون، عبد الرحمن بن محمد،
_d732-808 هـ.
650 7 _a‪أدب الرحلات.
_2BUEsh
650 7 _a‪المؤرخون العرب
_vتراجم.
_2BUEsh
655 _vReading book
700 1 _914924
_aالجراح، نوري،
_eمحرر،
_eمقدم.
942 _2ddc
_cBB
999 _c14131
_d14131